<?xml version='1.0' encoding='UTF-8'?>
  <record xmlns="http://www.loc.gov/MARC21/slim">
    <leader>00000cem a2200000 i 4500</leader>
    <controlfield tag="001">ocm71678913</controlfield>
    <controlfield tag="003">OCoLC</controlfield>
    <controlfield tag="005">20250127162440.5</controlfield>
    <controlfield tag="007">aj aauun</controlfield>
    <controlfield tag="008">051122s1829    ne        u     0   dut d</controlfield>
    <datafield tag="040" ind1=" " ind2=" ">
      <subfield code="a">NLGGC</subfield>
      <subfield code="b">dut</subfield>
      <subfield code="e">fobidrtb</subfield>
      <subfield code="c">NLGGC</subfield>
      <subfield code="d">QGJ</subfield>
      <subfield code="d">OCLCA</subfield>
      <subfield code="d">OCLCO</subfield>
      <subfield code="d">OCLCL</subfield>
      <subfield code="d">OCLCQ</subfield>
    </datafield>
    <datafield tag="029" ind1="0" ind2=" ">
      <subfield code="a">NLGGC</subfield>
      <subfield code="b">289088739</subfield>
    </datafield>
    <datafield tag="034" ind1="1" ind2=" ">
      <subfield code="a">a</subfield>
      <subfield code="b">3000000</subfield>
    </datafield>
    <datafield tag="035" ind1=" " ind2=" ">
      <subfield code="a">(OCoLC)71678913</subfield>
    </datafield>
    <datafield tag="045" ind1="0" ind2=" ">
      <subfield code="b">d1829</subfield>
    </datafield>
    <datafield tag="084" ind1=" " ind2=" ">
      <subfield code="a">74.28</subfield>
      <subfield code="2">bcl</subfield>
    </datafield>
    <datafield tag="245" ind1="0" ind2="0">
      <subfield code="a">Kaart der Noordelyke Yszee volgens de waarnemingen van vroegere Nederlandsche zeelieden :</subfield>
      <subfield code="b">de west kust van Nova Zembla, verbeterd naar de waarnemingen van de kapt. luit. Litke in 1823 ; behoorende tot de door het Provinciaal Utrechtsch Genootschap bekroonde verhandeling van R.G. Bennet en J. van Wyk Rz. ; R. van Wyk Jac.zn. del.</subfield>
    </datafield>
    <datafield tag="255" ind1=" " ind2=" ">
      <subfield code="a">Schaal [ca. 1:3.000.000].</subfield>
    </datafield>
    <datafield tag="260" ind1=" " ind2=" ">
      <subfield code="a">Te Dordrecht :</subfield>
      <subfield code="b">by J. de Vos &amp; C°.,</subfield>
      <subfield code="c">[1829]</subfield>
    </datafield>
    <datafield tag="300" ind1=" " ind2=" ">
      <subfield code="a">1 kaart. :</subfield>
      <subfield code="b">kopergrav. ;</subfield>
      <subfield code="c">50,5 x 66 cm.</subfield>
    </datafield>
    <datafield tag="336" ind1=" " ind2=" ">
      <subfield code="a">cartografische afbeelding</subfield>
      <subfield code="b">cri</subfield>
      <subfield code="2">rdacontent/dut</subfield>
    </datafield>
    <datafield tag="337" ind1=" " ind2=" ">
      <subfield code="a">zonder medium</subfield>
      <subfield code="b">n</subfield>
      <subfield code="2">rdamedia/dut</subfield>
    </datafield>
    <datafield tag="338" ind1=" " ind2=" ">
      <subfield code="a">vel</subfield>
      <subfield code="b">nb</subfield>
      <subfield code="2">rdacarrier/dut</subfield>
    </datafield>
    <datafield tag="510" ind1="0" ind2=" ">
      <subfield code="a">Koeman, Atlantes Neerlandici, dl. 1,</subfield>
      <subfield code="c">p. 58 (Ben 1 (2))</subfield>
    </datafield>
    <datafield tag="650" ind1="1" ind2="7">
      <subfield code="a">Kusten.</subfield>
      <subfield code="2">gtt</subfield>
      <subfield code="0">(NL-LeOCL)078567785</subfield>
    </datafield>
    <datafield tag="651" ind1=" " ind2="7">
      <subfield code="a">Noordelijke IJszee.</subfield>
      <subfield code="2">gtt</subfield>
      <subfield code="0">(NL-LeOCL)07860589X</subfield>
    </datafield>
    <datafield tag="700" ind1="1" ind2=" ">
      <subfield code="a">Bennet, Roelof Gabrie͏̈l,</subfield>
      <subfield code="d">1774-1829.</subfield>
      <subfield code="1">https://id.oclc.org/worldcat/entity/E39PBJxmHkjx3gc64pvGPqKrv3</subfield>
    </datafield>
    <datafield tag="700" ind1="1" ind2=" ">
      <subfield code="a">Wijk, Jacobus van,</subfield>
      <subfield code="c">Roelandszoon,</subfield>
      <subfield code="d">1781-1847.</subfield>
      <subfield code="1">https://id.oclc.org/worldcat/entity/E39PBJppytpRt7dTyrJBRKymVC</subfield>
    </datafield>
    <datafield tag="700" ind1="1" ind2=" ">
      <subfield code="a">Wijk, Roeland van,</subfield>
      <subfield code="c">Jacobuszoon,</subfield>
      <subfield code="d">1801-1839.</subfield>
      <subfield code="1">https://id.oclc.org/worldcat/entity/E39PCjvYPjWtH4q767yhKG9bh3</subfield>
    </datafield>
    <datafield tag="700" ind1="1" ind2=" ">
      <subfield code="a">Litke, Fedor Petrovič,</subfield>
      <subfield code="d">1797-1882.</subfield>
      <subfield code="1">https://id.oclc.org/worldcat/entity/E39PBJqbj4CFHytGQpT3XCtFrq</subfield>
    </datafield>
    <datafield tag="700" ind1="1" ind2=" ">
      <subfield code="a">Scoresby, William,</subfield>
      <subfield code="c">Jr.,</subfield>
      <subfield code="d">1789-1857.</subfield>
      <subfield code="1">https://id.oclc.org/worldcat/entity/E39PBJwtmVrcMHvvcRd4jwH9jC</subfield>
    </datafield>
    <datafield tag="710" ind1="0" ind2=" ">
      <subfield code="a">Vos en comp., J. de (Dordrecht)</subfield>
      <subfield code="4">prt</subfield>
      <subfield code="0">(NL-LeOCL)07714189x</subfield>
    </datafield>
    <datafield tag="710" ind1="0" ind2=" ">
      <subfield code="a">Vos en comp., J. de (Dordrecht)</subfield>
      <subfield code="4">prt</subfield>
      <subfield code="0">(NL-LeOCL)07714189X</subfield>
    </datafield>
    <datafield tag="787" ind1="1" ind2="8">
      <subfield code="i">Inzet:</subfield>
      <subfield code="t">[1.] Nederlandsche ontdekkingen langs de kust van Oost-Groenland volgens de waarnemingen van kapt. Scoresby in 1822 (schaal [ca. 1:2.200.000]), (12,5 x 23 cm); [2.] Mauritius of Jan Mayen eil. 1611 (schaal [ca. 1:500.000]), (10,5 x 13,5 cm); [3.] Enkhuizen of eil. Waaigat (schaal [ca. 1:1.000.000]), (11,5 x 19,5 cm)</subfield>
    </datafield>
    <datafield tag="787" ind1="1" ind2="8">
      <subfield code="i">Ook in:</subfield>
      <subfield code="t">Atlas, behoorende tot de Verhandeling van R.G. Bennet en J. van Wijk, Roelandsz. wegens de Nederlandsche ontdekkingen.</subfield>
      <subfield code="d">Dordrecht : J. de Vos &amp; Comp., 1829</subfield>
    </datafield>
    <datafield tag="936" ind1=" " ind2=" ">
      <subfield code="a">BATCHLOAD</subfield>
    </datafield>
  </record>